000 01045nam a2200277 a 4500
003 EG-GiCUC
008 181119m20139999le g 000 0 ara d
040 _aEG-GiCUC
_bara
_cEG-GiCUC
043 _aap-----
_aa-mk---
092 0 4 _a953
_bL872
_221
099 _a04
_a953 L872
100 1 _aلوريمير : جى . جى :
_d1870-1914
245 1 0 _aدليل الخليج العربى و عمان و وسط الجزيرة العربية /
_cجى جى لوريمير
250 _a
260 _aبيروت :
_bالدار العربية للموسوعات :
_c2013
300 _aمج ؛
_c24سم
504 _aيشتمل على ارجاعات ببليوجرافية
590 _aالمكتبة تقتنى فقط المجلد الرابع
651 7 _aالخليج العربى
_xتاريخ
_2qrmak
651 7 _aعمان
_xتاريخ
_2qrmak
902 _a1
905 _aرضا
_eمدخل
905 _aعفاف
_eمراجع
942 _2ddc
_cBK
999 _c151335
_d151335